Vista normal
Vista MARC
Entrada Personal Name
Número de registros utilizados en: 2
001 - CONTROL NUMBER
- control field: 7216
003 - CONTROL NUMBER IDENTIFIER
- control field: OSt
005 - DATE AND TIME OF LATEST TRANSACTION
- control field: 20230915225858.0
008 - FIXED-LENGTH DATA ELEMENTS
- fixed length control field: 230915|| aca||aabn | a|a d
040 ## - CATALOGING SOURCE
- Original cataloging agency: OSt
- Transcribing agency: OSt
100 ## - HEADING--PERSONAL NAME
- Personal name: LONDONO PAREDES, JULIO
670 ## - SOURCE DATA FOUND
- Source citation: Work cat.: (OSt)19655: LONDONO PAREDES, JULIO, LA FRONTERA TERRESTRE COLOMBO - VENEZOLANA : , BANCO DE LA REPUBLICA